日本史年号<鎌倉時代> - Statistics

General Stats
  • This quiz has been taken 34 times
  • The average score is 13 of 16
Answer Stats
出来事 年号 % Correct
頼朝、征夷大将軍に 1192
97%
承久の乱・六波羅探題設置 1221
97%
守護地頭設置 1185
94%
実朝、征夷大将軍に 1203
88%
頼朝の死 1199
84%
文永の役 1274
84%
鎌倉幕府滅亡 1333
84%
新古今和歌集成立 1205
81%
和田義盛敗北 1213
81%
公暁により実朝暗殺 1219
81%
連署・評定衆を置き合議制へ 1225
75%
御成敗式目制定 1232
75%
弘安の役 1281
75%
永仁の徳政令 1297
72%
正中の変 1324
66%
宝治合戦 1247
59%
No matching quizzes found
Score Distribution
Percent of People with Each Score
Percentile by Number Answered
Your Score History
You have not taken this quiz